| 000 | 00000nam##2200000za#4500 |
| 001 | 9.641908 |
| 003 | CaOODSP |
| 005 | 20210624223437 |
| 007 | cr ||||||||||| |
| 008 | 150407|2000||||xxc|||||o f|0| 0 fre|d |
| 040 | |aCaOODSP|bfre |
| 043 | |an-cn--- |
| 086 | 1 |aEn4-163/2000F-PDF |
| 110 | 1 |aCanada. |bEnvironnement Canada. |bDirection générale de la vérification et de l'évaluation. |
| 245 | 10|aVérification de l'évaluation des immobilisations |h[ressource électronique] |
| 260 | |aGatineau - Québec : |bEnvironnement Canada. |cDécembre 2000. |
| 300 | |a22p. |
| 590 | |a13-14-Supp|b2013-05-30 |
| 775 | 08|tCapital assets valuation audit |w(CaOODSP)9.697922 |
| 856 | 40|ahttp://publications.gc.ca|qPDF|s97 Ko|uhttps://publications.gc.ca/collections/collection_2013/ec/En4-163-2000-fra.pdf |